PRACTICAL RECORD CUMULATIVE RECORD BOOK FOR GENERAL NURSING AND MIDWIFERY (Record no. 871644)

MARC details
000 -LEADER
fixed length control field 00445nam a2200181Ia 4500
003 - CONTROL NUMBER IDENTIFIER
control field OSt
005 - DATE AND TIME OF LATEST TRANSACTION
control field 20250129103648.0
008 - FIXED-LENGTH DATA ELEMENTS--GENERAL INFORMATION
fixed length control field 230901s2021 xx 000 0 und d
040 ## - CATALOGING SOURCE
Transcribing agency AACR-II
041 ## - LANGUAGE CODE
Language code of text/sound track or separate title eng
082 ## - DEWEY DECIMAL CLASSIFICATION NUMBER
Classification number 610.7343
100 ## - MAIN ENTRY--PERSONAL NAME
Personal name SARAWAD S.S
245 ## - TITLE STATEMENT
Title PRACTICAL RECORD CUMULATIVE RECORD BOOK FOR GENERAL NURSING AND MIDWIFERY
260 ## - PUBLICATION, DISTRIBUTION, ETC.
Name of publisher, distributor, etc. CBS PUB.
Date of publication, distribution, etc. 2021
300 ## - PHYSICAL DESCRIPTION
Extent 134
650 ## - SUBJECT ADDED ENTRY--TOPICAL TERM
Topical term or geographic name entry element Community
942 ## - ADDED ENTRY ELEMENTS (KOHA)
Source of classification or shelving scheme Dewey Decimal Classification
Koha item type Book
Holdings
Withdrawn status Lost status Damaged status Not for loan Home library Current library Date acquired Cost, normal purchase price Total Checkouts Full call number Barcode Date last seen Price effective from Koha item type
        College of Nursing, Navi Mumbai College of Nursing, Navi Mumbai 23/09/2022 225.00   610.7343 NCM-N-4292 02/09/2023 02/09/2023 Book